[Event "CAN-op"]
[Site "Toronto CAN"]
[Date "2010.07.14"]
[Round "6"]
[White "Samsonkin, Artiom"]
[Black "Barrios, Felix"]
[Result "1-0"]
[WhiteElo "2609"]
[BlackElo "2162"]
[PlyCount "85"]
[EventDate "2010.07.10"]
[EventType "swiss"]
[EventRounds "9"]
[EventCountry "CAN"]

1. e4 c5 2. Nf3 Nc6 3. Nc3 e6 4. d4 cxd4 5. Nxd4 Qc7 6. Be2 Nf6 7. O-O Be7 8.
Be3 O-O 9. f4 d6 10. Kh1 Nxd4 11. Bxd4 e5 12. Be3 b6 13. Bd3 Bb7 14. Qf3 Rae8
15. Rad1 Bc6 16. f5 Qb7 17. Bg5 b5 18. Bxf6 Bxf6 19. Be2 Rc8 20. Bd3 b4 21. Ne2
d5 22. Ng3 d4 23. Nh5 Qe7 24. Qg4 Kh8 25. Rf3 Rg8 26. Rdf1 Bd7 27. Rh3 h6 28.
Rff3 a5 29. Rfg3 a4 30. Qd1 Bg5 31. b3 axb3 32. axb3 Ra8 33. Rf3 Ra2 34. Rf1
Bc6 35. Qg4 f6 36. Rg3 Bd7 37. h4 Bd2 38. Bc4 Rxc2 39. Bxg8 Kxg8 40. Qxg7+ Qxg7
41. Rxg7+ Kf8 42. Rxd7 Rb2 43. Ra1 1-0

[Event "CAN-op"]
[Site "Toronto CAN"]
[Date "2010.07.16"]
[Round "7"]
[White "Ashton, Adam"]
[Black "Samsonkin, Artiom"]
[Result "0-1"]
[WhiteElo "2316"]
[BlackElo "2609"]
[PlyCount "116"]
[EventDate "2010.07.10"]
[EventType "swiss"]
[EventRounds "9"]
[EventCountry "CAN"]

1. e4 Nf6 2. e5 Nd5 3. c4 Nb6 4. d4 d6 5. exd6 cxd6 6. Nc3 g6 7. Be3 Bg7 8. Rc1
O-O 9. b3 e5 10. dxe5 dxe5 11. Qxd8 Rxd8 12. c5 N6d7 13. Bc4 Nc6 14. Nf3 h6 15.
O-O Nf8 16. Nb5 Be6 17. Nd6 Rab8 18. Nd2 f5 19. f3 Bxc4 20. N2xc4 Ne6 21. Rfe1
Nb4 22. Na5 b6 23. Nab7 Rd7 24. c6 Rc7 25. Rc4 Nd3 26. Re2 f4 27. Bf2 Nxf2 28.
Kxf2 Nd4 29. Rd2 Bf8 30. Rdxd4 exd4 31. Nb5 Rcxb7 32. cxb7 Rxb7 33. Nxd4 Kf7
34. Nc6 Kg8 35. Rxf4 Rc7 36. Nd4 Bg7 37. Ke2 Rc1 38. Kd3 Rd1+ 39. Kc4 Rd2 40.
a4 Rxg2 41. h4 g5 42. hxg5 Rxg5 43. Ne6 Re5 44. Nxg7 Kxg7 45. Kd4 Re7 46. Kd5
h5 47. Kd6 Re3 48. b4 Kg6 49. b5 Rc3 50. Ke6 Ra3 51. Rc4 Rxf3 52. Ke5 Rf7 53.
Rc1 h4 54. Rg1+ Kh5 55. Rg8 h3 56. Rh8+ Kg4 57. Kd5 Rf4 58. a5 bxa5 0-1

[Event "CAN-op"]
[Site "Toronto CAN"]
[Date "2010.07.17"]
[Round "8"]
[White "Samsonkin, Artiom"]
[Black "Cheng, Bindi"]
[Result "1-0"]
[WhiteElo "2609"]
[BlackElo "2426"]
[PlyCount "35"]
[EventDate "2010.07.10"]
[EventType "swiss"]
[EventRounds "9"]
[EventCountry "CAN"]

1. e4 d5 2. exd5 Qxd5 3. Nf3 Nf6 4. d4 Bg4 5. Be2 c6 6. h3 Bf5 7. c4 Qa5+ 8.
Nc3 Ne4 9. Qb3 Qb6 10. c5 Qc7 11. Bf4 Qc8 12. Ne5 Be6 13. d5 f6 14. Bh5+ g6 15.
Nxg6 Bf7 16. Nxh8 Bxh5 17. Nxe4 Qf5 18. Qe3 1-0

[Event "Eastern Ontairo op"]
[Site "Ottawa CAN"]
[Date "2010.06.11"]
[Round "1"]
[White "Upper, John"]
[Black "Samsonkin, Artiom"]
[Result "0-1"]
[WhiteElo "2179"]
[BlackElo "2600"]
[PlyCount "68"]
[EventDate "2010.06.11"]
[EventType "swiss"]
[EventRounds "5"]
[EventCountry "CAN"]

1. d4 Nf6 2. Nf3 g6 3. c4 Bg7 4. Nc3 O-O 5. e4 d6 6. Be2 Na6 7. O-O e5 8. dxe5
dxe5 9. Qxd8 Rxd8 10. Be3 Ng4 11. Rad1 Be6 12. Bc1 f6 13. a3 c6 14. h3 Nh6 15.
Be3 Re8 16. Rb1 Nc7 17. Rfd1 Nf7 18. b4 f5 19. b5 Bc8 20. a4 Ne6 21. a5 f4 22.
Bc1 Nd4 23. a6 Nxe2+ 24. Nxe2 cxb5 25. axb7 Bxb7 26. Nc3 Rec8 27. Rxb5 Ba6 28.
Ra5 Bxc4 29. Bb2 Bf8 30. Rd7 Rab8 31. Ba1 Be6 32. Nd5 Rb1+ 33. Kh2 Rcc1 34.
Nf6+ Kh8 0-1

[Event "Eastern Ontairo op"]
[Site "Ottawa CAN"]
[Date "2010.06.12"]
[Round "2"]
[White "Samsonkin, Artiom"]
[Black "Qin, Zi Yi (Joey)"]
[Result "1-0"]
[WhiteElo "2600"]
[BlackElo "2329"]
[PlyCount "87"]
[EventDate "2010.06.11"]
[EventType "swiss"]
[EventRounds "5"]
[EventCountry "CAN"]

1. e4 c5 2. Nc3 Nc6 3. Nf3 e6 4. Bb5 Qc7 5. O-O a6 6. Bxc6 Qxc6 7. a4 d6 8. a5
Nf6 9. e5 Nd7 10. exd6 Bxd6 11. d4 O-O 12. d5 exd5 13. Nxd5 Re8 14. c4 Ne5 15.
Nxe5 Bxe5 16. Qh5 g6 17. Qh4 f6 18. Bf4 g5 19. Qg3 Bxf4 20. Nxf4 Be6 21. h4 h6
22. Rac1 Bf7 23. Nd5 Bxd5 24. cxd5 Qxd5 25. Rfd1 Qf5 26. hxg5 hxg5 27. Qb3+ Kh8
28. Qxb7 Rab8 29. Qxa6 Rxb2 30. Rf1 Rc8 31. Rc3 g4 32. Rc4 Re8 33. Rxc5 Qf4 34.
Qc6 Re7 35. Qc8+ Kg7 36. Rc4 Re4 37. Rc7+ Kg6 38. Qg8+ Kf5 39. Qh7+ Ke5 40.
Re7+ Kd5 41. Qf7+ Kc5 42. Rxe4 Qxe4 43. Qc7+ Kb4 44. a6 1-0

[Event "Eastern Ontairo op"]
[Site "Ottawa CAN"]
[Date "2010.06.12"]
[Round "3"]
[White "Sambuev, Bator"]
[Black "Samsonkin, Artiom"]
[Result "1-0"]
[WhiteElo "2615"]
[BlackElo "2600"]
[PlyCount "63"]
[EventDate "2010.06.11"]
[EventType "swiss"]
[EventRounds "5"]
[EventCountry "CAN"]

1. d4 Nf6 2. c4 e6 3. Nc3 d5 4. Bg5 Be7 5. Nf3 O-O 6. e3 Nbd7 7. Qc2 c6 8.
O-O-O b6 9. h4 Bb7 10. e4 dxe4 11. Nxe4 h6 12. Nxf6+ Bxf6 13. Kb1 Qe7 14. Qe4
Rfe8 15. Bd3 Nf8 16. Qg4 c5 17. Bxh6 Bxf3 18. gxf3 Bxd4 19. Be3 f5 20. Qg3 Rad8
21. h5 Qf7 22. h6 g6 23. Bc2 e5 24. h7+ Kh8 25. Bh6 Rd6 26. Rdg1 Nxh7 27. Rh4
Qxc4 28. Bxf5 Qe2 29. Bc1 Re7 30. Bxg6 Bxf2 31. Qh3 Rxg6 32. Qc8+ 1-0

[Event "Eastern Ontairo op"]
[Site "Ottawa CAN"]
[Date "2010.06.13"]
[Round "4"]
[White "Samsonkin, Artiom"]
[Black "Sapozhnikov, Roman"]
[Result "1-0"]
[WhiteElo "2600"]
[BlackElo "2422"]
[PlyCount "53"]
[EventDate "2010.06.11"]
[EventType "swiss"]
[EventRounds "5"]
[EventCountry "CAN"]

1. e4 d5 2. exd5 Qxd5 3. Nf3 Bg4 4. Be2 c5 5. Nc3 Qd8 6. h3 Bxf3 7. Bxf3 Qd7 8.
O-O Nc6 9. Bxc6 Qxc6 10. d4 cxd4 11. Qxd4 e6 12. Bg5 h6 13. Bh4 Nf6 14. Bxf6
Bc5 15. Qf4 gxf6 16. Ne4 f5 17. Nxc5 Qxc5 18. Rfd1 Rc8 19. c3 Qc6 20. Rd6 Qc4
21. Qe5 O-O 22. Rd4 Qc6 23. Qf6 Rfe8 24. Qxh6 e5 25. Rd6 Qe4 26. Qg5+ Kf8 27.
Rh6 1-0

[Event "Eastern Ontairo op"]
[Site "Ottawa CAN"]
[Date "2010.06.13"]
[Round "5"]
[White "Plotkin, Victor"]
[Black "Samsonkin, Artiom"]
[Result "0-1"]
[WhiteElo "2424"]
[BlackElo "2600"]
[PlyCount "46"]
[EventDate "2010.06.11"]
[EventType "swiss"]
[EventRounds "5"]
[EventCountry "CAN"]

1. d4 Nf6 2. Nf3 g6 3. Nc3 d5 4. Bf4 Bg7 5. Qd2 Bf5 6. Ne5 Nc6 7. f3 Nh5 8.
Nxc6 bxc6 9. g4 Nxf4 10. gxf5 e5 11. dxe5 Qh4+ 12. Kd1 d4 13. Ne4 Bxe5 14. Qa5
Nd5 15. fxg6 hxg6 16. a4 Qf4 17. Qd2 Ne3+ 18. Kc1 Rxh2 19. Rg1 Rb8 20. Ra2 Qh6
21. Kb1 Rh1 22. Qa5 Rxg1 23. Qxe5+ Kf8 0-1

[Event "Toronto op"]
[Site "Toronto CAN"]
[Date "2010.04.02"]
[Round "1.1"]
[White "Samsonkin, Artiom"]
[Black "Gusev, Nikita"]
[Result "1-0"]
[WhiteElo "2612"]
[BlackElo "2262"]
[PlyCount "61"]
[EventDate "2010.04.02"]
[EventType "swiss"]
[EventRounds "6"]
[EventCountry "CAN"]

1. e4 c5 2. Nc3 e6 3. Nf3 d6 4. d4 cxd4 5. Nxd4 Nc6 6. Be2 Be7 7. Be3 Nf6 8.
O-O O-O 9. Nb3 a6 10. a4 b6 11. f4 Qc7 12. Bf3 Rb8 13. Qe2 Na5 14. Nd2 Bb7 15.
Qf2 Ba8 16. Be2 Rfd8 17. Kh1 d5 18. e5 Nd7 19. Bxa6 Nc5 20. Bb5 Qb7 21. Nf3 Nc4
22. Bxc4 dxc4 23. a5 Qc7 24. axb6 Rxb6 25. Ra5 Rxb2 26. Rxc5 Bxc5 27. Bxc5 Bxf3
28. gxf3 Qc6 29. Rg1 g6 30. Ne4 Rd3 31. Qh4 1-0

[Event "Toronto op"]
[Site "Toronto CAN"]
[Date "2010.04.02"]
[Round "2.1"]
[White "Plotkin, Victor"]
[Black "Samsonkin, Artiom"]
[Result "1/2-1/2"]
[WhiteElo "2364"]
[BlackElo "2612"]
[PlyCount "124"]
[EventDate "2010.04.02"]
[EventType "swiss"]
[EventRounds "6"]
[EventCountry "CAN"]

1. d4 Nf6 2. Nf3 g6 3. g3 Bg7 4. Bg2 O-O 5. O-O d6 6. c4 c6 7. Nc3 Qa5 8. Qd2
Re8 9. Rd1 Qh5 10. Qg5 Qxg5 11. Bxg5 h6 12. Bc1 e5 13. d5 Bf8 14. dxc6 bxc6 15.
b3 Bb7 16. Ba3 e4 17. Nd4 Nbd7 18. Nc2 d5 19. Bxf8 Rxf8 20. cxd5 cxd5 21. Nd4
Nb6 22. Rac1 Rfd8 23. Bf1 a6 24. Rc2 Ng4 25. Rdc1 Ne5 26. a4 Nbd7 27. h4 h5 28.
Nd1 Kf8 29. Rc7 Rdc8 30. Ne3 Rxc7 31. Rxc7 Rb8 32. f4 exf3 33. exf3 Nf6 34. b4
Ne8 35. Rc5 Nd7 36. Rc2 Nd6 37. Kf2 Rc8 38. Rxc8+ Nxc8 39. Nb3 Ncb6 40. a5 Na4
41. Nd1 Ke7 42. Ke3 Kd6 43. Nd4 Ne5 44. Kd2 Nc4+ 45. Kc2 Ke5 46. Nb3 Nab2 47.
f4+ Kd6 48. Bxc4 Nxc4 49. Kd3 Bc8 50. Ne3 Na3 51. Nd4 Bd7 52. Kc3 Nb1+ 53. Kc2
Na3+ 54. Kb3 Nb5 55. Nxb5+ Bxb5 56. Kc3 Bd7 57. Kd4 Be6 58. Nd1 Bd7 59. Nc3 Bc6
60. Nd1 Bd7 61. Ne3 Be6 62. Nd1 Bd7 1/2-1/2

[Event "Toronto op"]
[Site "Toronto CAN"]
[Date "2010.04.03"]
[Round "3.3"]
[White "Samsonkin, Artiom"]
[Black "Hambleton, Aman"]
[Result "1-0"]
[WhiteElo "2612"]
[BlackElo "2308"]
[PlyCount "82"]
[EventDate "2010.04.02"]
[EventType "swiss"]
[EventRounds "6"]
[EventCountry "CAN"]

1. e4 e6 2. d4 d5 3. Nc3 Bb4 4. e5 c5 5. a3 Bxc3+ 6. bxc3 Ne7 7. Qg4 Kf8 8. Nf3
b6 9. a4 Ba6 10. Bd3 Qc7 11. O-O Bxd3 12. cxd3 Nbc6 13. Ba3 cxd4 14. Nxd4 Nxd4
15. cxd4 Kg8 16. Rfc1 Qd7 17. Bd6 Nc6 18. Rc3 h6 19. Rac1 Rc8 20. Qf4 Kh7 21.
g4 Rhd8 22. Kg2 Qe8 23. h4 Kg8 24. h5 Ne7 25. Bc7 Rd7 26. R1c2 Qf8 27. Qc1 f6
28. exf6 gxf6 29. Bf4 Rxc3 30. Rxc3 Qg7 31. f3 Kh7 32. Qe3 Nf5 33. Qxe6 Nxd4
34. Qe3 Nf5 35. Qe8 Nd4 36. Be3 Ne2 37. Rc6 Re7 38. Qc8 Qf7 39. Qf5+ Kg7 40.
Bxh6+ Kg8 41. Rxf6 Nd4 1-0

[Event "Toronto op"]
[Site "Toronto CAN"]
[Date "2010.04.03"]
[Round "4.2"]
[White "Puri, Vinny"]
[Black "Samsonkin, Artiom"]
[Result "0-1"]
[WhiteElo "2306"]
[BlackElo "2612"]
[PlyCount "132"]
[EventDate "2010.04.02"]
[EventType "swiss"]
[EventRounds "6"]
[EventCountry "CAN"]

1. d4 Nf6 2. c4 g6 3. Nc3 Bg7 4. e4 d6 5. f3 Nc6 6. Be3 a6 7. Qd2 O-O 8. Nge2
Rb8 9. Nc1 e5 10. Nb3 exd4 11. Nxd4 Nxd4 12. Bxd4 c6 13. Be2 b5 14. c5 b4 15.
Na4 dxc5 16. Bxc5 Qxd2+ 17. Kxd2 Rd8+ 18. Kc2 Be6 19. b3 Nd7 20. Bd6 Ra8 21.
Rad1 c5 22. Kb1 Rdc8 23. Rc1 Bd4 24. Rhd1 Be3 25. Rc2 Rc6 26. Nb2 Rac8 27. Nc4
Bd4 28. Bg3 Ra8 29. Bf1 Nb6 30. Na5 Rcc8 31. Bc7 Nd7 32. Bd6 Bc3 33. Bg3 Nf6
34. Be1 Be5 35. g3 g5 36. Nb7 g4 37. f4 Bd4 38. Bg2 Rab8 39. Na5 Rb5 40. Nc6
Rxc6 41. Rxd4 cxd4 42. Rxc6 Rh5 43. Bxb4 Rxh2 44. Rc2 Nd5 45. exd5 Bf5 46. d6
Rxg2 47. d7 Rg1+ 48. Kb2 Bxd7 49. Rd2 Rxg3 50. Rxd4 Be6 51. Rd8+ Kg7 52. Bc3+
Kg6 53. Ra8 h5 54. Rxa6 h4 55. Ra5 Rg2+ 56. Kc1 f6 57. Ra6 h3 58. Rxe6 h2 59.
Rxf6+ Kh5 60. Rf5+ Kh4 61. Be1+ g3 62. Rf8 Rg1 63. Kd2 Rxe1 64. Rh8+ Kg4 65.
Kxe1 g2 66. Rg8+ Kf3 0-1

[Event "Toronto op"]
[Site "Toronto CAN"]
[Date "2010.04.04"]
[Round "5.1"]
[White "Samsonkin, Artiom"]
[Black "Sapozhnikov, Roman"]
[Result "1/2-1/2"]
[WhiteElo "2612"]
[BlackElo "2420"]
[PlyCount "38"]
[EventDate "2010.04.02"]
[EventType "swiss"]
[EventRounds "6"]
[EventCountry "CAN"]

1. e4 c5 2. Nf3 d6 3. d4 cxd4 4. Nxd4 Nf6 5. Nc3 Nc6 6. Bc4 Bd7 7. O-O g6 8.
Bb3 Bg7 9. Be3 O-O 10. h3 Nxd4 11. Bxd4 Bc6 12. Qd3 Qa5 13. Rfe1 Nd7 14. Nd5
Bxd5 15. Bxg7 Kxg7 16. Bxd5 Rab8 17. a4 Qc5 18. c3 a5 19. Qb5 Qc7 1/2-1/2

[Event "Toronto op"]
[Site "Toronto CAN"]
[Date "2010.04.04"]
[Round "6.1"]
[White "Cummings, David"]
[Black "Samsonkin, Artiom"]
[Result "1-0"]
[WhiteElo "2416"]
[BlackElo "2612"]
[PlyCount "93"]
[EventDate "2010.04.02"]
[EventType "swiss"]
[EventRounds "6"]
[EventCountry "CAN"]

1. c4 Nf6 2. Nc3 g6 3. g3 Bg7 4. Bg2 O-O 5. e4 d6 6. Nge2 c5 7. O-O Nc6 8. d3
Ne8 9. h3 e5 10. Rb1 Nc7 11. f4 exf4 12. Bxf4 Ne6 13. Be3 Ned4 14. Qd2 Be6 15.
Bh6 Qd7 16. Bxg7 Kxg7 17. Kh2 Rae8 18. Nxd4 Nxd4 19. Ne2 Nxe2 20. Qxe2 f5 21.
b4 fxe4 22. Rxf8 Rxf8 23. Qxe4 b6 24. Re1 Re8 25. bxc5 bxc5 26. Rb1 Bf5 27. Qd5
Re5 28. Qf3 Re7 29. g4 Be6 30. Qf4 Rf7 31. Qe3 Qc8 32. Re1 Bxg4 33. hxg4 Qxg4
34. Qg3 Qd4 35. Rf1 Rxf1 36. Bxf1 h5 37. Qf3 h4 38. Kh3 g5 39. Bg2 a5 40. Qe4
Qf6 41. Kg4 Kh6 42. a4 Kg7 43. Qf5 Qd4+ 44. Kh5 h3 45. Qxg5+ Kf8 46. Qd8+ Kg7
47. Qe7+ 1-0

[Event "RA Spring op"]
[Site "Ottawa CAN"]
[Date "2010.03.05"]
[Round "1"]
[White "Samsonkin, Artiom"]
[Black "Qin, Zi Yi (Joey)"]
[Result "1-0"]
[WhiteElo "2624"]
[BlackElo "2296"]
[PlyCount "69"]
[EventDate "2010.03.05"]
[EventType "swiss"]
[EventRounds "5"]
[EventCountry "CAN"]

1. e4 c5 2. Nf3 d6 3. d4 cxd4 4. Nxd4 Nf6 5. Nc3 a6 6. Bg5 e6 7. f4 Be7 8. Qf3
Qc7 9. O-O-O Nbd7 10. Bd3 h6 11. Bh4 g5 12. fxg5 Ne5 13. Qe2 Nfg4 14. Nf3 hxg5
15. Bg3 Nxf3 16. Qxf3 Ne5 17. Bxe5 dxe5 18. Rdf1 Rh7 19. h4 gxh4 20. Qg4 Rh8
21. g3 Bd7 22. gxh4 O-O-O 23. Rxf7 Bb4 24. Nd1 Kb8 25. h5 Qd6 26. a3 Bc5 27. h6
Ba4 28. Qg7 Qc6 29. Nc3 Rhg8 30. Qxe5+ Bd6 31. Qa5 Qe8 32. Rxb7+ Kxb7 33. Bxa6+
Kc6 34. Qxa4+ Kb6 35. Bb5 1-0

[Event "RA Spring op"]
[Site "Ottawa CAN"]
[Date "2010.03.06"]
[Round "2"]
[White "Szalay, Karoly"]
[Black "Samsonkin, Artiom"]
[Result "0-1"]
[WhiteElo "2356"]
[BlackElo "2624"]
[PlyCount "60"]
[EventDate "2010.03.05"]
[EventType "swiss"]
[EventRounds "5"]
[EventCountry "CAN"]

1. e4 c5 2. Nf3 d6 3. d4 cxd4 4. Nxd4 Nf6 5. Nc3 Nc6 6. Bg5 Qa5 7. Bxf6 gxf6 8.
Nb3 Qg5 9. Nd5 Rb8 10. f4 Qg6 11. Qd3 f5 12. e5 Bh6 13. exd6 Qxd6 14. g3 e6 15.
Ne3 Qxd3 16. Bxd3 O-O 17. c3 b5 18. O-O-O a5 19. Rhf1 b4 20. Bxf5 a4 21. Nc5 a3
22. b3 bxc3 23. Bb1 Bg7 24. Nc2 Nb4 25. Nxa3 Ra8 26. Na4 Bb7 27. Nc2 Nd5 28.
Nc5 Bc6 29. Rf2 Rfd8 30. Nd4 Ne3 0-1

[Event "RA Spring op"]
[Site "Ottawa CAN"]
[Date "2010.03.06"]
[Round "3"]
[White "Samsonkin, Artiom"]
[Black "Kraiouchkine, Nikita"]
[Result "1/2-1/2"]
[WhiteElo "2624"]
[BlackElo "2230"]
[PlyCount "101"]
[EventDate "2010.03.05"]
[EventType "swiss"]
[EventRounds "5"]
[EventCountry "CAN"]

1. e4 e5 2. Nf3 Nc6 3. Bb5 f5 4. d3 fxe4 5. dxe4 Nf6 6. Qe2 Bc5 7. O-O Nd4 8.
Nxd4 Bxd4 9. Nd2 a6 10. Ba4 Qe7 11. Nf3 Ba7 12. Bg5 h6 13. Be3 Bxe3 14. Qxe3
O-O 15. Nh4 Kh7 16. c3 d6 17. Nf5 Qf7 18. Bc2 Be6 19. f4 Bxa2 20. fxe5 dxe5 21.
Qg3 Bc4 22. Rf3 Rae8 23. Ra5 b6 24. Ra4 g6 25. Ne3 Bb5 26. Ra1 a5 27. c4 Bc6
28. Raf1 Qe7 29. Qh4 Kg7 30. Kh1 Ng8 31. Qg3 Qg5 32. Qxg5 hxg5 33. Rxf8 Rxf8
34. Rxf8 Kxf8 35. Ng4 Ke7 36. Nxe5 Be8 37. Kg1 Ke6 38. Nd3 Nf6 39. Ne1 Bc6 40.
Nf3 Bxe4 41. Nxg5+ Ke5 42. Nxe4 Nxe4 43. h4 c6 44. b3 b5 45. cxb5 cxb5 46. g4
a4 47. bxa4 bxa4 48. Bxa4 Kf4 49. Bd1 Nc3 50. h5 gxh5 51. gxh5 1/2-1/2

[Event "RA Spring op"]
[Site "Ottawa CAN"]
[Date "2010.03.07"]
[Round "4"]
[White "O'Donnell, Tom"]
[Black "Samsonkin, Artiom"]
[Result "1/2-1/2"]
[WhiteElo "2426"]
[BlackElo "2624"]
[PlyCount "109"]
[EventDate "2010.03.05"]
[EventType "swiss"]
[EventRounds "5"]
[EventCountry "CAN"]

1. c4 Nf6 2. Nc3 e5 3. g3 d5 4. cxd5 Nxd5 5. Bg2 Nb6 6. Nf3 Nc6 7. O-O Be7 8.
d3 O-O 9. a3 Be6 10. b4 Nd4 11. Rb1 Nd5 12. Bb2 Nxc3 13. Bxc3 Bg4 14. Bxd4 exd4
15. Ne5 Bc8 16. Nc4 a6 17. Qc2 Re8 18. a4 Bf8 19. Bf3 Qg5 20. Rfc1 g6 21. Qb2
h5 22. Nd2 c6 23. Ne4 Qe5 24. Rc4 Rd8 25. Rc2 Bg4 26. Bxg4 hxg4 27. Qc1 Rd5 28.
Kg2 Qh8 29. Qf4 Qh3+ 30. Kg1 Be7 31. Nd2 Bg5 32. Qe4 Bxd2 33. Rxd2 Kg7 34. f4
Rh8 35. e3 dxe3 36. Qxe3 Rhd8 37. d4 Qh5 38. Re1 Qf5 39. Qc3 Qd7 40. Re5 Rxe5
41. fxe5 Qd5 42. a5 Kg8 43. Qd3 Qe6 44. Kg2 Qe7 45. Qc4 Rd5 46. Rf2 Rb5 47. Rf6
Rxb4 48. Rxf7 Rxc4 49. Rxe7 Rxd4 50. Rxb7 Rd5 51. Rb6 Rxa5 52. Rxc6 Ra2+ 53.
Kg1 Kf7 54. Rf6+ Kg7 55. Rf4 1/2-1/2

[Event "RA Spring op"]
[Site "Ottawa CAN"]
[Date "2010.03.07"]
[Round "5"]
[White "Samsonkin, Artiom"]
[Black "Sambuev, Bator"]
[Result "0-1"]
[WhiteElo "2624"]
[BlackElo "2610"]
[PlyCount "106"]
[EventDate "2010.03.05"]
[EventType "swiss"]
[EventRounds "5"]
[EventCountry "CAN"]

1. e4 e6 2. d4 d5 3. Nc3 Nf6 4. e5 Nfd7 5. f4 c5 6. Nf3 Nc6 7. Be3 a6 8. Qd2 b5
9. dxc5 Nxc5 10. Qf2 Ne4 11. Nxe4 dxe4 12. Nd2 Bb7 13. Nxe4 Nxe5 14. Nc5 Ng4
15. Nxb7 Qd5 16. Qe2 Nxe3 17. Qxe3 Rc8 18. Bd3 Qxb7 19. Qg3 g6 20. O-O Bc5+ 21.
Kh1 O-O 22. f5 exf5 23. Bxf5 Rce8 24. Rad1 Re3 25. Qf4 Qe7 26. Rd7 Qf6 27. Rd5
Ba7 28. Rd7 Bc5 29. Rd5 Qc6 30. Be4 Qe6 31. Bf3 Re1 32. Rd1 Rxf1+ 33. Rxf1 Qxa2
34. Qe5 Qc4 35. Qe2 Qh4 36. g3 Qg5 37. Bb7 Rd8 38. Qf3 f5 39. Bxa6 b4 40. Bc4+
Kg7 41. c3 bxc3 42. Qxc3+ Bd4 43. Qf3 h5 44. b4 h4 45. Rd1 hxg3 46. Qxg3 Qe7
47. Bf1 Be5 48. Re1 Qb7+ 49. Qg2 Qc7 50. b5 Qc3 51. Qe2 Kf6 52. Qe3 Qb2 53. Qh6
Qf2 0-1

[Event "Winter op"]
[Site "Kitchener CAN"]
[Date "2010.02.21"]
[Round "5"]
[White "Samsonkin, Artiom"]
[Black "Gusev, Nikita"]
[Result "1-0"]
[WhiteElo "2616"]
[BlackElo "2243"]
[PlyCount "108"]
[EventDate "2010.02.19"]
[EventType "swiss"]
[EventRounds "5"]
[EventCountry "CAN"]

1. e4 c5 2. Nf3 e6 3. d4 cxd4 4. Nxd4 Nc6 5. Nc3 d6 6. Be2 Nf6 7. O-O Be7 8.
Be3 O-O 9. f4 e5 10. Nf5 Bxf5 11. exf5 Qc8 12. fxe5 dxe5 13. Nd5 Nxd5 14. Qxd5
Nb4 15. Qxe5 Qe8 16. Bb5 Nxc2 17. Bxe8 Nxe3 18. Qxe7 Rfxe8 19. Qxe8+ Rxe8 20.
Rfe1 Kf8 21. Rac1 Nxf5 22. Rxe8+ Kxe8 23. Rc8+ Kd7 24. Rg8 h5 25. Kf2 g6 26.
Kf3 Ke6 27. Kf4 Kf6 28. a4 Ne7 29. Rb8 b6 30. Rb7 g5+ 31. Ke4 Ke6 32. Rxa7 f5+
33. Kd3 Nd5 34. Kd4 Kd6 35. Rg7 Nf4 36. Kc4 g4 37. g3 Ng2 38. Kd4 h4 39. Rg6+
Kc7 40. Ke5 hxg3 41. hxg3 Ne3 42. Kf4 Nd5+ 43. Kxf5 Ne7+ 44. Kf6 Nxg6 45. Kxg6
Kd6 46. Kf5 Kc5 47. Kxg4 Kb4 48. Kf4 Kxa4 49. g4 Kb3 50. g5 b5 51. g6 b4 52. g7
Kxb2 53. g8=Q Kc1 54. Qb3 Kd2 1-0

[Event "Hart House Holiday op"]
[Site "Toronto CAN"]
[Date "2009.12.18"]
[Round "1.2"]
[White "Samsonkin, Artiom"]
[Black "Krivoshlyk, Yuriy"]
[Result "1-0"]
[WhiteElo "2614"]
[BlackElo "2109"]
[PlyCount "83"]
[EventDate "2009.12.18"]
[EventType "swiss"]
[EventRounds "5"]
[EventCountry "CAN"]

1. e4 c5 2. Nf3 d6 3. d4 cxd4 4. Nxd4 Nf6 5. Nc3 a6 6. Bg5 e6 7. f4 Qb6 8. Qd3
Qxb2 9. Rb1 Qa3 10. f5 Nc6 11. fxe6 fxe6 12. Nxc6 bxc6 13. Be2 Be7 14. Bh5+ g6
15. e5 dxe5 16. Rb3 e4 17. Qd4 Qa5 18. Bxf6 Bxf6 19. Qxf6 Rf8 20. Bxg6+ hxg6
21. Qxg6+ Ke7 22. Qh7+ Rf7 23. Qh4+ Kf8 24. Rf1 Qe5 25. Rxf7+ Kxf7 26. Nxe4 Rb8
27. Qh7+ Ke8 28. Rxb8 Qxb8 29. Qg8+ Ke7 30. Qg7+ Ke8 31. Nf6+ Kd8 32. Qf8+ Kc7
33. Qe7+ Kb6 34. Qb4+ Ka7 35. Qxb8+ Kxb8 36. h4 e5 37. h5 Bf5 38. g4 Bxc2 39.
g5 Kc8 40. g6 Bf5 41. g7 Be6 42. h6 1-0

[Event "Hart House Holiday op"]
[Site "Toronto CAN"]
[Date "2009.12.19"]
[Round "2.1"]
[White "Martchenko, Alexander"]
[Black "Samsonkin, Artiom"]
[Result "1/2-1/2"]
[WhiteElo "2340"]
[BlackElo "2614"]
[PlyCount "69"]
[EventDate "2009.12.18"]
[EventType "swiss"]
[EventRounds "5"]
[EventCountry "CAN"]

1. e4 d5 2. exd5 Qxd5 3. Nc3 Qa5 4. d4 Nf6 5. Bd2 c6 6. Bc4 Bf5 7. Nf3 e6 8.
Qe2 Bb4 9. a3 Nbd7 10. O-O Bxc3 11. Bxc3 Qc7 12. Ne5 O-O 13. Nxd7 Qxd7 14. Bd3
Qd5 15. b3 Rad8 16. Bb2 b5 17. Rfe1 a5 18. Rad1 a4 19. c4 Bxd3 20. Qxd3 bxc4
21. bxc4 Qd6 22. Qc2 Qf4 23. h3 Qg5 24. Re3 Qg6 25. Qe2 Rb8 26. d5 cxd5 27.
Bxf6 Qxf6 28. cxd5 Rb2 29. Rd2 Rxd2 30. Qxd2 exd5 31. Qxd5 g6 32. Qf3 Qa1+ 33.
Kh2 Qd4 34. Re4 Qd6+ 35. Qf4 1/2-1/2

[Event "Hart House Holiday op"]
[Site "Toronto CAN"]
[Date "2009.12.19"]
[Round "3.3"]
[White "Samsonkin, Artiom"]
[Black "Southam, David"]
[Result "1-0"]
[WhiteElo "2614"]
[BlackElo "2163"]
[PlyCount "61"]
[EventDate "2009.12.18"]
[EventType "swiss"]
[EventRounds "5"]
[EventCountry "CAN"]

1. e4 c5 2. Nf3 e6 3. d4 cxd4 4. Nxd4 Nc6 5. Nc3 a6 6. Nxc6 bxc6 7. Bd3 d5 8.
O-O Nf6 9. Qe2 Bb7 10. Re1 Be7 11. e5 Nd7 12. Qg4 g6 13. Bh6 Qc7 14. Qf4 Bf8
15. Na4 f6 16. exf6 Qxf4 17. Bxf4 Kf7 18. Re3 e5 19. Bxe5 Nxe5 20. Rxe5 Bd6 21.
Re2 Rhe8 22. Rae1 Rxe2 23. Rxe2 Kxf6 24. f3 c5 25. c4 Be5 26. Kf1 Bc6 27. Nxc5
Rc8 28. cxd5 Bb5 29. Ne4+ Kg7 30. Bxb5 axb5 31. Rd2 1-0

[Event "Hart House Holiday op"]
[Site "Toronto CAN"]
[Date "2009.12.20"]
[Round "5.2"]
[White "Samsonkin, Artiom"]
[Black "Gerzhoy, Leonid"]
[Result "1/2-1/2"]
[WhiteElo "2614"]
[BlackElo "2572"]
[PlyCount "83"]
[EventDate "2009.12.18"]
[EventType "swiss"]
[EventRounds "5"]
[EventCountry "CAN"]

1. e4 c5 2. Nf3 e6 3. Nc3 Nc6 4. d4 cxd4 5. Nxd4 Qc7 6. Ndb5 Qb8 7. Be3 Nf6 8.
Bd3 a6 9. Nd4 Be7 10. O-O O-O 11. Kh1 d5 12. f4 dxe4 13. Nxe4 Nd5 14. Nxc6 bxc6
15. Bc1 f5 16. Ng3 Bd6 17. Ne2 c5 18. c4 Nf6 19. b3 Bb7 20. Bb2 Ng4 21. Qd2 Qc7
22. h3 Nf6 23. Rad1 Rad8 24. Qe3 Qf7 25. Be5 Qg6 26. Qf2 Bxe5 27. fxe5 Nh5 28.
Kh2 Qg5 29. Rg1 Qe7 30. b4 cxb4 31. Qb6 g5 32. Nd4 Ng7 33. Bc2 Rb8 34. c5 Bd5
35. Qd6 Qxd6 36. exd6 Rfc8 37. Ba4 Rxc5 38. Rc1 Rc3 39. Rxc3 bxc3 40. Rc1 Rb2
41. d7 Rxg2+ 42. Kh1 1/2-1/2

[Event "National Capital op"]
[Site "Ottawa CAN"]
[Date "2009.12.04"]
[Round "1"]
[White "Samsonkin, Artiom"]
[Black "Upper, John"]
[Result "1-0"]
[WhiteElo "2594"]
[BlackElo "2228"]
[PlyCount "55"]
[EventDate "2009.12.04"]
[EventType "swiss"]
[EventRounds "5"]
[EventCountry "CAN"]

1. e4 e6 2. d4 d5 3. e5 c5 4. c3 Qb6 5. Nf3 Bd7 6. a3 c4 7. Nbd2 Nc6 8. b3 cxb3
9. Nxb3 Na5 10. Nxa5 Qxa5 11. Bd2 Qa4 12. Qb1 b6 13. Bd3 Ne7 14. O-O h6 15. h3
g6 16. Nh2 Bg7 17. Ng4 Nf5 18. Nf6+ Bxf6 19. exf6 O-O-O 20. Bf4 Kb7 21. Rc1 Rc8
22. Ra2 g5 23. Be5 Rhg8 24. Be2 Nh4 25. Bd6 Qc6 26. Bh2 Nf5 27. Rac2 Nd6 28. c4
1-0